Statistics for NFL 1-99

Click here to take the quiz!

General Stats

  • This quiz has been taken 23 times
  • The average score is 57 of 100

Answer Stats

NumberPositionTeamPlayer% Correct
7QBPittsburgh SteelersBen Roethlisberger
96%
22RBDallas CowboysEmmitt Smith
96%
16QBSan Francisco 49ersJoe Montana
96%
11WRAtlanta FalconsJulio Jones
96%
2QBAtlanta FalconsMatt Ryan
96%
89WRCarolina PanthersSteve Smith
96%
12QBNew England PatriotsTom Brady
96%
20RBDetroit LionsBarry Sanders
91%
4QBGreen Bay PackersBrett Favre
91%
13QBMiami DolphinsDan Marino
91%
21CBAtlanta FalconsDeion Sanders
91%
9QBNew Orleans SaintsDrew Brees
91%
15QBKansas City ChiefsPatrick Mahomes
91%
18QBIndianapolis ColtsPeyton Manning
91%
17QBSan Diego ChargersPhilip Rivers
91%
25CBSeattle SeahawksRichard Sherman
91%
8QBSan Francisco 49ersSteve Young
91%
1QBHouston OilersWarren Moon
91%
81WRDetroit LionsCalvin Johnson
83%
32RBPittsburgh SteelersFranco Harris
83%
10QBMinnesota VikingsFran Tarkenton
83%
5CBLos Angeles RamsJalen Ramsey
83%
6QBChicago BearsJay Cutler
83%
19QBBaltimore ColtsJohnny Unitas
83%
84WRPittsburgh SteelersAntonio Brown
78%
99DEHouston TexansJJ Watt
78%
28RBSt Louis RamsMarshall Faulk
78%
87TENew England PatriotsRob Gronkowski
78%
41RBNew Orleans SaintsAlvin Kamara
74%
23KRChicago BearsDevin Hester
74%
29RBLos Angeles RamsEric Dickerson
74%
36RBPittsburgh SteelersJerome Bettis
74%
80WRSan Francisco 49ersJerry Rice
74%
52LBBaltimore RavensRay Lewis
74%
85TESan Diego ChargersAntonio Gates
70%
3QBCincinnati BengalsCarson Palmer
70%
56LBNew York GiantsLawrence Taylor
70%
97DESan Francisco 49ersNick Bosa
70%
37RBSeattle SeahawksShaun Alexander
70%
14QBSan Diego ChargersDan Fouts
65%
69DEMinnesota VikingsJared Allen
65%
62CPhiladelphia EaglesJason Kelce
65%
82TEDallas CowboysJason Witten
65%
31SSeattle SeahawksKam Chancellor
65%
95DECleveland BrownsMyles Garrett
65%
42SSan Francisco 49ersRonnie Lott
65%
48CBWashington RedskinsStephen Davis
65%
30RBDenver BroncosTerrell Davis
65%
43SPittsburgh SteelersTroy Polamalu
65%
54LBChicago BearsBrian Urlacher
61%
24CBDenver BroncosChamp Bailey
61%
40RBChicago BearsGale Sayers
61%
73OTCleveland BrownsJoe Thomas
61%
26RBPittsburgh SteelersLe'Veon Bell
61%
50LBChicago BearsMike Singletary
61%
33QBWashington RedskinsSammy Baugh
61%
58LBDenver BroncosVon Miller
61%
83WRNew England PatriotsWes Welker
61%
34RBHouston OilersEarl Campbell
57%
90DECarolina PanthersJulius Peppers
57%
92DEPhiladelphia EaglesReggie White
52%
55LBBaltimore RavensTerrell Suggs
52%
74OLHouston OilersBruce Matthews
48%
94LBDallas CowboysDeMarcus Ware
48%
86WRPittsburgh SteelersHines Ward
48%
39FBMiami DolphinsLarry Csonka
48%
00COakland RaidersJim Otto
43%
44RBWashington RedskinsJohn Riggins
43%
88WRPittsburgh SteelersLynn Swann
43%
60QBCleveland BrownsOtto Graham
43%
63CIndianapolis ColtsJeff Saturday
39%
47CBPittsburgh SteelersMel Blount
39%
76OTSt Louis RamsOrlando Pace
39%
57LBNew Orleans SaintsRickey Jackson
39%
27SDenver BroncosSteve Atwater
39%
35RBKansas City ChiefsChristian Okoye
35%
93DTTampa Bay BuccaneersNdamukong Suh
35%
59LBWashington RedskinsLondon Fletcher
30%
98DEIndianapolis ColtsRobert Mathis
30%
75DELos Angeles RaidersHowie Long
26%
91LBPittsburgh SteelersKevin Greene
26%
77OTTennessee TitansTaylor Lewan
26%
71OTJacksonville JaguarsTony Boselli
26%
96DTSeattle SeahawksCortez Kennedy
22%
72DTSeattle SeahawksMichael Bennett
22%
66LBGreen Bay PackersRay Nitschke
22%
68OGKansas City ChiefsWill Shields
22%
49RB/WRWashington RedskinsBobby Mitchell
17%
64OGMinnesota VikingsRandall McDaniel
17%
51LBCarolina PanthersSam Mills
17%
53LBDenver BroncosBill Romanowski
13%
65OTMinnesota VikingsGary Zimmerman
13%
67OGMiami DolphinsBob Kuechenberg
9%
46CBPhiladelphia EaglesHerm Edwards
9%
70DEMinnesota VikingsJim Marshall
9%
61OGDallas CowboysNate Newton
9%
45CBOakland RaidersDave Grayson
4%
38CBIndianapolis ColtsEugene Daniel
4%
79DE/DTHouston OilersRay Childress
4%
78OTDenver BroncosRyan Clady
4%

Score Distribution

Percentile by Number Answered

Percent of People with Each Score

Your Score History

You have not taken this quiz